A lakásbérletre és helyiség bérletre vonatkozó jogi szabályozás A helyiségbérletre vonatkozó eltérő szabályok és a szabályozás változásai 1994-től Budapest XXII. ker. Önkormányzatánál /

Elmentve itt :
Bibliográfiai részletek
Szerző: Keczely Béla Zoltán
További közreműködők: Bessenyei Lajos (Témavezető)
Dokumentumtípus: Szakdolgozat
Megjelent: 1999
Tárgyszavak:
Online Access:http://diploma.bibl.u-szeged.hu/25079
LEADER 00740nta a2200157 i 4500
001 dipl25079
005 20130314083148.0
008 111116s1999 hu om 0|| zxx d
040 |a SZTE Diploma Repozitórium  |b hun 
041 |a zxx 
100 1 |a Keczely Béla Zoltán 
245 1 2 |a A lakásbérletre és helyiség bérletre vonatkozó jogi szabályozás  |h [elektronikus dokumentum] :  |b A helyiségbérletre vonatkozó eltérő szabályok és a szabályozás változásai 1994-től Budapest XXII. ker. Önkormányzatánál /  |c Béla Zoltán Keczely 
260 |c 1999 
650 4 |a Jogi és igazgatási tanulmányok 
700 1 |a Bessenyei Lajos  |e ths 
856 4 0 |u http://diploma.bibl.u-szeged.hu/id/eprint/25079/1/1999_keczely_bela_zoltan.pdf  |z Dokumentum-elérés